<?xml version="1.0" encoding="UTF-8"?>
<record
    xmlns:xsi="http://www.w3.org/2001/XMLSchema-instance"
    xsi:schemaLocation="http://www.loc.gov/MARC21/slim http://www.loc.gov/standards/marcxml/schema/MARC21slim.xsd"
    xmlns="http://www.loc.gov/MARC21/slim">

  <leader>00801nam1a2200241 i 4500</leader>
  <controlfield tag="001">RU\NLR\BIBL_A\011315141</controlfield>
  <controlfield tag="005">20241213151454.0</controlfield>
  <datafield tag="035" ind1=" " ind2=" ">
    <subfield code="a">(NLR Aleph) 011315141</subfield>
  </datafield>
  <datafield tag="090" ind1=" " ind2=" ">
    <subfield code="a">11043788</subfield>
    <subfield code="c">11043788</subfield>
  </datafield>
  <datafield tag="100" ind1=" " ind2=" ">
    <subfield code="a">20170124d1941    c  y0rusy50      ca</subfield>
  </datafield>
  <datafield tag="101" ind1="0" ind2=" ">
    <subfield code="a">inh</subfield>
  </datafield>
  <datafield tag="102" ind1=" " ind2=" ">
    <subfield code="a">RU</subfield>
  </datafield>
  <datafield tag="105" ind1=" " ind2=" ">
    <subfield code="a">a   z   000 y</subfield>
  </datafield>
  <datafield tag="200" ind1="0" ind2=" ">
    <subfield code="a">&#x414;&#x435;&#x448;&#x430;&#x440;&#x430; &#x43A;&#x43D;&#x438;&#x436;&#x43A;&#x430;</subfield>
    <subfield code="f">&#x417;&#x43E;&#x440;&#x442;&#x43E;&#x432; I&#x443;&#x43C;&#x430;&#x440;</subfield>
  </datafield>
  <datafield tag="210" ind1=" " ind2=" ">
    <subfield code="a">&#x428;&#x43E;&#x43B;&#x436;-&#x413;I&#x430;&#x43B;&#x430;</subfield>
    <subfield code="c">&#x41D;&#x43E;&#x445;&#x447;&#x433;I&#x430;&#x43B;&#x433;I&#x43F;&#x430;&#x447;&#x445;&#x44C;&#x430;&#x43B;&#x43A;&#x445;&#x438;&#x437;&#x434;&#x430;&#x442;</subfield>
    <subfield code="d">1941</subfield>
  </datafield>
  <datafield tag="215" ind1=" " ind2=" ">
    <subfield code="d">22</subfield>
  </datafield>
  <datafield tag="541" ind1="1" ind2=" ">
    <subfield code="a">&#x41A;&#x43D;&#x438;&#x433;&#x430; &#x434;&#x43B;&#x44F; &#x447;&#x442;&#x435;&#x43D;&#x438;&#x44F;</subfield>
    <subfield code="z">rus</subfield>
  </datafield>
  <datafield tag="606" ind1="1" ind2=" ">
    <subfield code="a">&#x418;&#x43D;&#x433;&#x443;&#x448;&#x441;&#x43A;&#x438;&#x439; &#x44F;&#x437;&#x44B;&#x43A;</subfield>
    <subfield code="j">&#x41A;&#x43D;&#x438;&#x433;&#x438; &#x434;&#x43B;&#x44F; &#x447;&#x442;&#x435;&#x43D;&#x438;&#x44F;</subfield>
    <subfield code="9">1149394</subfield>
    <subfield code="3">RU\NLR\AUTH\66458554</subfield>
  </datafield>
  <datafield tag="686" ind1="1" ind2=" ">
    <subfield code="a">&#x428;160.312-94</subfield>
  </datafield>
  <datafield tag="700" ind1=" " ind2="1">
    <subfield code="a">&#x414;&#x437;&#x43E;&#x440;&#x442;&#x43E;&#x432;</subfield>
    <subfield code="b">&#x423;.</subfield>
    <subfield code="g">&#x423;&#x43C;&#x430;&#x440;</subfield>
    <subfield code="4">070</subfield>
  </datafield>
  <datafield tag="852" ind1=" " ind2=" ">
    <subfield code="a">NLR</subfield>
    <subfield code="b">&#x41E;&#x41D;&#x41B;</subfield>
    <subfield code="j">&#x418;&#x43D;&#x433;&#x443;&#x448;./3-189</subfield>
  </datafield>
  <datafield tag="942" ind1=" " ind2=" ">
    <subfield code="c">BOOK</subfield>
  </datafield>
</record>
